000 00318nam a2200145Ia 4500
008 230718s9999 xx 000 0 und d
041 _aEng.
082 _a343.54
_bPAK-4
100 _aPakistan
245 0 _a400 questions
260 _aPakistan
_bcapital pub.
_c2013
300 _a574
650 _aLaw
999 _c30380
_d30380